| 000 | nam a22 a 4500 | ||
|---|---|---|---|
| 999 |
_c4376 _d4376 |
||
| 003 | AKMAL | ||
| 005 | 20170529114200.0 | ||
| 008 | 170529s2006 my | e l 000 0 may d | ||
| 020 | _a9678916665 (kkt.) | ||
| 082 | 0 | 4 |
_a345.59505 KAN _222 |
| 090 | 0 | 0 |
_a345.59505 _bKAN |
| 110 | 1 |
_aMalaysia _9400 |
|
| 245 | 1 | 0 |
_aKanun Prosedur Jenayah (Akta 593) : _b(hingga 10hb Februari 2006) / _cdisusun oleh : Lembaga Penyelidikan Undang-Undang |
| 260 |
_aPetaling Jaya : _bInternational Law Book Services, _c2006 |
||
| 300 |
_a328ms. ; _c24cm. |
||
| 490 | 1 | _aUndang-undang Malaysia | |
| 650 | 1 | 0 |
_aCriminal law _zMalaysia _93716 |
| 650 | 2 | 0 |
_aCriminal procedure _zMalaysia _93883 |
| 710 | 2 |
_aLembaga Penyelidikan Undang-Undang _98533 |
|
| 830 | 0 |
_aUNDANG-UNDANG MALAYSIA _98534 |
|
| 942 |
_2ddc _cBOOK |
||